[Event "Plovdiv Radulski Memorial 3rd"]
[Site "Plovdiv"]
[Date "2017.10.29"]
[Round "4"]
[White "Radeva, Viktoria"]
[Black "Shalamanov, Vladimir"]
[Result "1-0"]
[WhiteElo "2001"]
[BlackElo "1728"]
[PlyCount "67"]
[EventDate "2017.10.29"]
[EventType "swiss (rapid)"]
[EventRounds "9"]
[EventCountry "BUL"]
[SourceTitle "CBM 181 Extra"]
[Source "ChessBase"]
[SourceDate "2017.12.12"]
[SourceVersion "1"]
[SourceVersionDate "2017.12.12"]
[SourceQuality "1"]

1. e4 c5 2. Nf3 d6 3. d4 cxd4 4. Nxd4 Nf6 5. Nc3 a6 6. f3 e5 7. Nb3 Be6 8. Be3 Be7 9. Qd2 0-0 10. Nd5 Bxd5 11. exd5 Nbd7 12. Be2 Rc8 13. c4 Nh5 14. 0-0 f5 15. Na5 f4 16. Bf2 Qc7 17. b4 Nhf6 18. Bd3 g5 19. Bf5 h5 20. Qd3 Kg7 21. Rac1 g4 22. Nb3 b6 23. Rfd1 Qd8 24. c5 bxc5 25. bxc5 dxc5 26. d6 c4 27. dxe7 Qxe7 28. Rxc4 Rxc4 29. Qxc4 gxf3 30. Nc5 Rd8 31. Ne6+ Kh6 32. Nxd8 Qxd8 33. Bxd7 Nxd7 34. Qe6+ 1-0